000 00290nam a22001217a 4500
008 160511b xxu||||| |||| 00| 0 eng d
020 _a9781416042969
020 _a1416042962
041 _aeng
080 _a61
245 _aClinics in sportas medicine:
_cLeslie Bonci MPH;
942 _2udc
_cBK
999 _c2045
_d2045